Wake me up - The Weeknd ft Justice - lyrics - Statistics

General Stats
  • This quiz has been taken 22 times
  • The average score is 166 of 199
Answer Stats
Answer % Correct
All
100%
all
100%
I
100%
I'm
100%
i'm
100%
I've
100%
me
100%
memory
100%
my
100%
No
100%
no
100%
to
100%
up
100%
Wake
100%
Are
93%
are
93%
been
93%
dying
93%
have
93%
Illusion
93%
illusion
93%
is
93%
it
93%
It
93%
know
93%
legacy
93%
like
93%
losing
93%
you
93%
your
93%
afterlife
87%
alone
87%
an
87%
Cause
87%
cause
87%
day
87%
delusion
87%
don't
87%
feels
87%
if
87%
it's
87%
It's
87%
or
87%
other
87%
real
87%
rising
87%
side
87%
sun
87%
when
87%
When
87%
fades
80%
Fades
80%
night
80%
The
80%
the
80%
And
73%
black
73%
fear
73%
never
73%
out
73%
running
73%
time
73%
can't
67%
come
67%
demons
67%
feeling
67%
find
67%
Keep
67%
love's
67%
of
67%
eyes
60%
fire
60%
horizon
60%
these
60%
with
60%
creeping
53%
Open
53%
paralysed
53%
This
53%
tryin
53%
coming
47%
em
47%
fully
47%
life
47%
live
47%
so
47%
wire
47%
death's
40%
dreaming
40%
easy
40%
hard
40%
paralysing
40%
smile
40%
Cleanse
33%
Play
33%
sleep
27%
damn
20%
No matching quizzes found
Score Distribution
Percent of People with Each Score
Percentile by Number Answered
Your Score History
You have not taken this quiz